Countries With Best State Of Democracy - Statistics

General Stats
  • This quiz has been taken 118 times
  • The average score is 25 of 30
Answer Stats
Rank Score Country % Correct
25 7.96 United States
100%
5 9.25 Finland
99%
1 9.87 Norway
99%
3 9.39 Sweden
99%
8 9.22 Canada
98%
9 9.09 Australia
97%
7 9.22 Denmark
97%
2 9.58 Iceland
96%
4 9.26 New Zealand
96%
13 8.68 Germany
95%
17 8.29 Spain
95%
14 8.52 United Kingdom
95%
16 8.29 Austria
94%
20 8.12 France
94%
6 9.24 Ireland
93%
24 7.99 Japan
93%
22 8.03 Portugal
91%
23 8.00 South Korea
91%
11 9.01 Netherlands
90%
10 9.03 Switzerland
90%
12 8.81 Luxembourg
88%
27 7.90 Estonia
81%
28 7.86 Israel
78%
21 8.08 Chile
74%
26 7.95 Malta
68%
15 8.38 Uruguay
60%
19 8.13 Costa Rica
57%
29 7.81 Botswana
31%
18 8.22 Mauritius
30%
30 7.78 Cape Verde
23%
No matching quizzes found
Score Distribution
Percent of People with Each Score
Percentile by Number Answered
Your Score History
You have not taken this quiz